Video atlas of shoulder surgery (Record no. 32976)

MARC details
000 -LEADER
fixed length control field 00723nam a2200181 a 4500
008 - FIXED-LENGTH DATA ELEMENTS--GENERAL INFORMATION
fixed length control field 170314s2013 ||||||||||||||||| || u
020 ## - INTERNATIONAL STANDARD BOOK NUMBER
International Standard Book Number 9789350258668
050 ## - LIBRARY OF CONGRESS CALL NUMBER
Classification number RD 686 Mac
100 ## - MAIN ENTRY--PERSONAL NAME
Personal name McCann, Peter D
245 10 - TITLE STATEMENT
Title Video atlas of shoulder surgery
Statement of responsibility, etc. Edited By Peter D McCann
260 ## - PUBLICATION, DISTRIBUTION, ETC.
Place of publication, distribution, etc. New Delhi:
Name of publisher, distributor, etc. Jaypee Brothers Medical publishers
Date of publication, distribution, etc. 2013
300 ## - PHYSICAL DESCRIPTION
Extent xxiii, 228p.: ill.
350 ## -
-- 660.00
500 ## - GENERAL NOTE
General note Includes 8 interactive DVD-ROMs
650 ## - SUBJECT ADDED ENTRY--TOPICAL TERM
Topical term or geographic name entry element JOINTS--SURGERY--ATLASES
650 ## - SUBJECT ADDED ENTRY--TOPICAL TERM
Topical term or geographic name entry element JOINT DISEASE--SURGERY--ATLASES
995 ## -
-- MEDICAL LIBRARY OPEN ACCESS
-- 903657
-- CBU-SCHOOL OF MEDICINE LIBRARY (Ndola)
-- 660.00
-- RD 686 Mac
-- 1
-- AVAILABLE
-- Mar 16, 2017
-- 903657
-- Medical Library Open Access Collection
999 ## -
-- 32976
-- 32976
Holdings
Withdrawn status Lost status Source of classification or shelving scheme Damaged status Not for loan Permanent Location Current Location Shelving location Date acquired Total Checkouts Full call number Barcode Date last seen Price effective from Koha item type
          CBU-SCHOOL OF MEDICINE LIBRARY, NDOLA. CBU-SCHOOL OF MEDICINE LIBRARY, NDOLA.   11/30/2022   RD 686 Mac 903657 11/30/2022 11/30/2022 MONOGRAPH